00879nam a22002057a 4500003000200000005001700002008004100019050002900060100002400089245015600113260007200269300003000341500004000371504005800411650004200469650005300511650003900564650003300603650003700636020250204150102.0250204b xxu||||| |||| 00| 0 eng d aHF 5415.1265b.An53 2023 aAndrade, Leoven B.  aPa-mine is the keyb a documentary film on the rise of filipino online live sellers on facebook during the pandemiccLeoven B. Andrade and three others aLas Pinas CitybSouthville International School and Collegescc2023 avii, 334 pages ; c28cm.  aBachelor of Arts in Communication.  aIncludes bibliographical references and appendices.  aSocial media marketing—Philippines. aOnline selling—Economic aspects—Philippines. aFacebook (Firm)—Economic impact. aE-commerce—Social aspects. aDocumentary films—Philippines.